Group A - Qatar AFC Asian Cup Squad - Statistics

General Stats
  • This quiz has been taken 13 times
  • The average score is 8 of 27
Answer Stats
# Position Club Player Name % Correct
11 FW Al-Sadd Akram Afif
75%
19 FW Al-Duhail Almoez Ali
50%
2 DF Al-Sadd Pedro Miguel
50%
6 MF Al-Rayyan Abdulaziz Hatem
25%
7 FW Al-Gharafa Ahmed Alaaeldin
25%
25 FW Al-Gharafa Ahmed Al Ghanehi
25%
20 MF Al-Arabi Ahmed Fatehi
25%
8 MF Al-Sadd Ali Assadalla
25%
3 DF Al-Wakrah Almahdi Ali Mukhtar
25%
15 DF Al-Rayyan Bassam Al Rawi
25%
16 DF Al-Sadd Boualem Khoukhi
25%
10 MF Al-Sadd Hassan Al-Haydos
25%
14 DF Al-Gharafa Homam Ahmed
25%
17 FW Al-Duhail Ismail Mohamad
25%
24 MF Al-Aarabi Jassem Gaber
25%
26 MF Al-Duhail Khaled Mohammed
25%
13 FW Al-Wakrah Khalid Muneer
25%
12 DF Al-Wakrah Lucas Mendes
25%
22 GK Al-Sadd Meshaal Barsham
25%
4 MF Al-Saad Mohammed Waad
25%
23 MF Al-Sadd Mostafa Meshaal
25%
1 GK Al-Sadd Sadd Al Sheeb
25%
21 GK Al-Duhail Salah Zakaria
25%
18 DF Al-Duhail Sultan Al-Brake
25%
5 DF Al-Saad Tarek Salman
25%
- Coach - Tintín Márquez
25%
9 FW Al-Sadd Yousuf Abdurisag
25%
No matching quizzes found
Score Distribution
Percent of People with Each Score
Percentile by Number Answered
Your Score History
You have not taken this quiz